| 000 | nam a22 7a 4500 | ||
|---|---|---|---|
| 999 |
_c29030 _d29030 |
||
| 008 | 170926b xxu||||| |||| 00| 0 eng d | ||
| 020 | _a9966221239 | ||
| 050 | _aGF 1 .M86 1996 | ||
| 100 | _aMunyua, Muchina S.J. | ||
| 245 |
_aAn introduction to environmental management / _cS.J. Muchina Munyua |
||
| 260 |
_aNairobi : _bJomo Kenyetta Foundation, _c1996. |
||
| 300 | _avi,124p. : | ||
| 650 | _aEnvornmental management. | ||
| 700 | _aJ.M'mari Onyari | ||
| 942 |
_2lcc _cAFRICANA _hGF 1 .M86 1996 |
||